Statistics for Anthony Fantano 10's

Click here to take the quiz!

General Stats

  • This quiz has been taken 27 times
  • The average score is 6 of 11

Answer Stats

HintAnswer% Correct
Kanye West & Kid Cudi (2018)Kids See Ghosts
96%
Kendrick Lamar (2015)To Pimp a Butterfly
96%
Deatth Grips (2013)The Money Store
85%
Madvilliain (2004)Madvillainy
81%
The Beach Boys (1966)Pet Sounds
54%
Swans (2014)To Be Kind
46%
Talking Heads (1980)Remain in Light
38%
Daughters (2018)You Won't Get What You Want
27%
Wire (1977)Pink Flag
23%
Mahavishnu Orchestra (1971)The Inner Mounting Flame
15%
Beastie Boys (1989)Paul Boutique
4%

Score Distribution

Percentile by Number Answered

Percent of People with Each Score

Your Score History

You have not taken this quiz